000 00524nam a22002057a 4500
999 _c6603
_d6603
003 OSt
005 20200206152118.0
008 200206b ||||| |||| 00| 0 eng d
020 _a0030973546
040 _cDDC.
082 _a512.5GRO 1994.
100 _aGrossman,L.Stanley.
_913584
245 _aElementary Linear Algebra.
250 _a5th.ed.
260 _aAustralia
_bBrooks/Cole.
_c1994.
300 _axx,634p;
_bcol,ill;
_c24cm.
504 _aincludes index.
650 _aMathematics.
_9810
942 _2ddc
_cO_SHELF